<?xml version="1.0" encoding="UTF-8"?>
<collection xmlns="http://www.loc.gov/MARC21/slim">
<record>
  <controlfield tag="001">443021</controlfield>
  <controlfield tag="005">20260120114630.0</controlfield>
  <datafield tag="024" ind1="7" ind2=" ">
    <subfield code="2">HSB</subfield>
    <subfield code="a">999910346925</subfield>
  </datafield>
  <datafield tag="037" ind1=" " ind2=" ">
    <subfield code="a">RWTH-CONV-010653</subfield>
  </datafield>
  <datafield tag="041" ind1=" " ind2=" ">
    <subfield code="a">English</subfield>
  </datafield>
  <datafield tag="082" ind1=" " ind2=" ">
    <subfield code="a">510</subfield>
  </datafield>
  <datafield tag="100" ind1="1" ind2=" ">
    <subfield code="0">P:(DE-82)IDM00424</subfield>
    <subfield code="a">Bachmayr, Markus</subfield>
    <subfield code="b">0</subfield>
  </datafield>
  <datafield tag="245" ind1=" " ind2=" ">
    <subfield code="a">Adaptive Low-Rank Methods: Problems on Sobolev Spaces</subfield>
    <subfield code="h">online</subfield>
  </datafield>
  <datafield tag="260" ind1=" " ind2=" ">
    <subfield code="a">Aachen</subfield>
    <subfield code="b">RWTH Aachen, Institut für Geometrie und Praktische Mathematik</subfield>
    <subfield code="c">2014</subfield>
  </datafield>
  <datafield tag="300" ind1=" " ind2=" ">
    <subfield code="a">55 S.</subfield>
  </datafield>
  <datafield tag="336" ind1="7" ind2=" ">
    <subfield code="0">PUB:(DE-HGF)25</subfield>
    <subfield code="2">PUB:(DE-HGF)</subfield>
    <subfield code="a">Preprint</subfield>
    <subfield code="b">preprint</subfield>
    <subfield code="m">preprint</subfield>
  </datafield>
  <datafield tag="336" ind1="7" ind2=" ">
    <subfield code="2">ORCID</subfield>
    <subfield code="a">WORKING_PAPER</subfield>
  </datafield>
  <datafield tag="336" ind1="7" ind2=" ">
    <subfield code="2">DRIVER</subfield>
    <subfield code="a">preprint</subfield>
  </datafield>
  <datafield tag="336" ind1="7" ind2=" ">
    <subfield code="2">DataCite</subfield>
    <subfield code="a">Output Types/Working Paper</subfield>
  </datafield>
  <datafield tag="336" ind1="7" ind2=" ">
    <subfield code="0">28</subfield>
    <subfield code="2">EndNote</subfield>
    <subfield code="a">Electronic Article</subfield>
  </datafield>
  <datafield tag="336" ind1="7" ind2=" ">
    <subfield code="2">BibTeX</subfield>
    <subfield code="a">ARTICLE</subfield>
  </datafield>
  <datafield tag="490" ind1="0" ind2=" ">
    <subfield code="a">Preprint / Institut für Geometrie und Praktische Mathematik der Rheinisch-Westfälischen Technischen Hochschule Aachen</subfield>
    <subfield code="v">404</subfield>
  </datafield>
  <datafield tag="591" ind1=" " ind2=" ">
    <subfield code="a">Germany</subfield>
  </datafield>
  <datafield tag="653" ind1=" " ind2="7">
    <subfield code="a">Mathematik</subfield>
  </datafield>
  <datafield tag="653" ind1=" " ind2="7">
    <subfield code="2">eng</subfield>
    <subfield code="a">low-rank tensor approximation</subfield>
  </datafield>
  <datafield tag="653" ind1=" " ind2="7">
    <subfield code="2">eng</subfield>
    <subfield code="a">adaptive methods</subfield>
  </datafield>
  <datafield tag="653" ind1=" " ind2="7">
    <subfield code="2">eng</subfield>
    <subfield code="a">high-dimensional elliptic problems</subfield>
  </datafield>
  <datafield tag="653" ind1=" " ind2="7">
    <subfield code="2">eng</subfield>
    <subfield code="a">preconditioning</subfield>
  </datafield>
  <datafield tag="653" ind1=" " ind2="7">
    <subfield code="2">eng</subfield>
    <subfield code="a">computational complexity</subfield>
  </datafield>
  <datafield tag="700" ind1="1" ind2=" ">
    <subfield code="0">P:(DE-82)IDM00075</subfield>
    <subfield code="a">Dahmen, Wolfgang</subfield>
    <subfield code="b">1</subfield>
  </datafield>
  <datafield tag="856" ind1="4" ind2=" ">
    <subfield code="u">http://www.igpm.rwth-aachen.de/forschung/preprints/404</subfield>
    <subfield code="y">Fulltext</subfield>
  </datafield>
  <datafield tag="909" ind1="C" ind2="O">
    <subfield code="o">oai:publications.rwth-aachen.de:443021</subfield>
    <subfield code="p">VDB</subfield>
  </datafield>
  <datafield tag="920" ind1="1" ind2=" ">
    <subfield code="0">I:(DE-82)110000_20140620</subfield>
    <subfield code="k">110000</subfield>
    <subfield code="l">Fachgruppe Mathematik</subfield>
    <subfield code="x">0</subfield>
  </datafield>
  <datafield tag="920" ind1="1" ind2=" ">
    <subfield code="0">I:(DE-82)111410_20140620</subfield>
    <subfield code="k">111410</subfield>
    <subfield code="l">Lehrstuhl für Mathematik und Institut für Geometrie und Praktische Mathematik</subfield>
    <subfield code="x">1</subfield>
  </datafield>
  <datafield tag="970" ind1=" " ind2=" ">
    <subfield code="a">hsb999910346925</subfield>
  </datafield>
  <datafield tag="980" ind1=" " ind2=" ">
    <subfield code="a">preprint</subfield>
  </datafield>
  <datafield tag="980" ind1=" " ind2=" ">
    <subfield code="a">I:(DE-82)110000_20140620</subfield>
  </datafield>
  <datafield tag="980" ind1=" " ind2=" ">
    <subfield code="a">I:(DE-82)111410_20140620</subfield>
  </datafield>
  <datafield tag="980" ind1=" " ind2=" ">
    <subfield code="a">VDB</subfield>
  </datafield>
  <datafield tag="980" ind1=" " ind2=" ">
    <subfield code="a">UNRESTRICTED</subfield>
  </datafield>
  <datafield tag="980" ind1=" " ind2=" ">
    <subfield code="a">ConvertedRecord</subfield>
  </datafield>
</record>
</collection>